[Event "Montreal Saturday op 09"]
[Site "Montreal CAN"]
[Date "2009.09.09"]
[Round "2"]
[White "Khudaverdian, Berj"]
[Black "Pregent, Daniel"]
[Result "0-1"]
[WhiteElo "1841"]
[BlackElo "1839"]
[PlyCount "104"]
[GameId "2160767910093056"]
[EventDate "2009.09.02"]
[EventType "tourn"]
[EventRounds "5"]
[EventCountry "CAN"]
[SourceTitle "EXT 2011"]
[Source "ChessBase"]
[SourceDate "2011.11.26"]
[SourceVersion "1"]
[SourceVersionDate "2011.11.26"]
[SourceQuality "1"]

1. e4 c6 2. d4 d5 3. e5 Bf5 4. Nf3 e6 5. Bd3 Bg6 6. Bg5 f6 7. Bh4 Bh5 8. O-O g5 9. Bg3 f5 10. h3 h6 11. Nbd2 Ne7 12. Be2 Qb6 13. Nb3 Nd7 14. Nfd2 Bxe2 15. Qxe2 Ng6 16. Qh5 Rg8 17. f4 O-O-O 18. fxg5 hxg5 19. c4 Be7 20. cxd5 cxd5 21. Rac1+ Kb8 22. Qh7 Bb4 23. Nf3 Be7 24. Qh5 Ndf8 25. Nxg5 Rh8 26. Qxh8 Nxh8 27. Nf3 Nhg6 28. Rc2 Rc8 29. Nc5 Bxc5 30. dxc5 Qb4 31. Rfc1 Nd7 32. a3 Qa4 33. Rc3 f4 34. Bf2 Ngxe5 35. Ng5 Nf8 36. b4 Nc6 37. Nf7 e5 38. Nd6 Rd8 39. Bh4 Rd7 40. b5 Nd4 41. c6 Rxd6 42. Be7 Ne2+ 43. Kh2 Nxc3 44. Bxd6+ Kc8 45. cxb7+ Kxb7 46. Rxc3 Ng6 47. Rc7+ Kb6 48. Rg7 Qe4 49. a4 f3 50. Bc7+ Kc5 51. gxf3 Qe2+ 52. Kg1 Nh4 0-1

[Event "Montreal Saturday op 09"]
[Site "Montreal CAN"]
[Date "2009.09.09"]
[Round "2"]
[White "Levkovsky, Alexandre"]
[Black "Plante, Michel"]
[Result "1-0"]
[WhiteElo "2177"]
[BlackElo "2049"]
[PlyCount "111"]
[GameId "2160767910093057"]
[EventDate "2009.09.02"]
[EventType "tourn"]
[EventRounds "5"]
[EventCountry "CAN"]
[SourceTitle "EXT 2011"]
[Source "ChessBase"]
[SourceDate "2011.11.26"]
[SourceVersion "1"]
[SourceVersionDate "2011.11.26"]
[SourceQuality "1"]

1. e4 d6 2. d4 Nf6 3. f3 d5 4. e5 Ng8 5. c3 Bf5 6. g4 Bg6 7. h4 h5 8. Bg5 f6 9. Bf4 c5 10. Bd3 Bf7 11. Qa4+ Nc6 12. Qb5 Qd7 13. Qxc5 hxg4 14. e6 Qxe6+ 15. Kd2 gxf3 16. Na3 f2 17. Ne2 Qd7 18. Qb5 e5 19. Be3 O-O-O 20. Qa4 Kb8 21. Bb5 a6 22. Bxc6 Qxc6 23. Qxc6 bxc6 24. Bxf2 Nh6 25. Raf1 Be6 26. Nc2 Kc7 27. Nb4 a5 28. Nd3 Bd6 29. b4 axb4 30. cxb4 e4 31. Nc5 Bc8 32. Bg3 Bg4 33. Bxd6+ Rxd6 34. Rhg1 f5 35. Nf4 Re8 36. Ke3 Ng8 37. a4 Nf6 38. a5 Nd7 39. Rc1 Nxc5 40. Rxc5 Kd7 41. a6 Ra8 42. Ra5 Ra7 43. Rc1 Rh6 44. Nxd5 cxd5 45. Rxd5+ Rd6 46. Rxd6+ Kxd6 47. b5 Bh5 48. Rc6+ Kd7 49. d5 Bf7 50. Kd4 e3 51. Rc2 f4 52. Ke5 f3 53. b6 Rxa6 54. Rc7+ Kd8 55. Rxf7 Rxb6 56. Rxf3 1-0

[Event "Montreal Saturday op 09"]
[Site "Montreal CAN"]
[Date "2009.09.09"]
[Round "2"]
[White "Luo, Zhao Yang"]
[Black "Morin, Louis"]
[Result "0-1"]
[WhiteElo "1898"]
[BlackElo "1886"]
[PlyCount "85"]
[GameId "2160767910093058"]
[EventDate "2009.09.02"]
[EventType "tourn"]
[EventRounds "5"]
[EventCountry "CAN"]
[SourceTitle "EXT 2011"]
[Source "ChessBase"]
[SourceDate "2011.11.26"]
[SourceVersion "1"]
[SourceVersionDate "2011.11.26"]
[SourceQuality "1"]

1. d4 d5 2. c4 e6 3. Nf3 Nf6 4. Bg5 Be7 5. Nc3 O-O 6. e3 Nbd7 7. Qc2 a6 8. cxd5 exd5 9. Bd3 Re8 10. O-O Nf8 11. Rac1 Be6 12. Na4 Nh5 13. Bxe7 Rxe7 14. Nc5 Bc8 15. Ne5 f6 16. Nxa6 Rxa6 17. Bxa6 fxe5 18. Be2 Nf6 19. dxe5 Ng4 20. Rfd1 Nxe5 21. f4 Ng4 22. Rxd5 Qe8 23. Bxg4 Bxg4 24. h3 c6 25. Rg5 Be6 26. f5 Bd5 27. f6 Rf7 28. Qc3 Nd7 29. fxg7 Qe7 30. Qd4 Rxg7 31. Rxg7+ Qxg7 32. Qxg7+ Kxg7 33. Rd1 Nc5 34. b3 Ne4 35. Rd3 Kf6 36. Kf1 Ke5 37. g4 c5 38. Ke1 b5 39. Rd1 Ng5 40. Rc1 c4 41. bxc4 bxc4 42. a4 Ke4 43. h4 0-1

[Event "Montreal Saturday op 09"]
[Site "Montreal CAN"]
[Date "2009.09.09"]
[Round "2"]
[White "Millette, Sylvain"]
[Black "Chesnut, Walter"]
[Result "1-0"]
[WhiteElo "1579"]
[BlackElo "1614"]
[PlyCount "95"]
[GameId "2160767910093059"]
[EventDate "2009.09.02"]
[EventType "tourn"]
[EventRounds "5"]
[EventCountry "CAN"]
[SourceTitle "EXT 2011"]
[Source "ChessBase"]
[SourceDate "2011.11.26"]
[SourceVersion "1"]
[SourceVersionDate "2011.11.26"]
[SourceQuality "1"]

1. Nf3 Nf6 2. g3 d5 3. Bg2 c6 4. O-O e6 5. b3 Bd6 6. Bb2 Nbd7 7. d3 O-O 8. Nbd2 Qe7 9. c4 Ba3 10. Qc2 Bxb2 11. Qxb2 Re8 12. e3 Qd6 13. d4 e5 14. cxd5 cxd5 15. dxe5 Nxe5 16. Nxe5 Qxe5 17. Qxe5 Rxe5 18. Nf3 Re7 19. Rfd1 Be6 20. Rac1 Ree8 21. Rc7 Rab8 22. Nd4 Bg4 23. Rdc1 Rec8 24. Nb5 Rxc7 25. Rxc7 Ne8 26. Rc1 Be6 27. Rd1 Nf6 28. Nc3 Rd8 29. Nxd5 Nxd5 30. e4 Kf8 31. exd5 Bc8 32. d6 b6 33. Bc6 Bd7 34. Bxd7 Rxd7 35. Kf1 f6 36. Ke2 Kf7 37. Ke3 h5 38. h4 Ke6 39. Ke4 g6 40. f3 Rxd6 41. Rxd6+ Kxd6 42. g4 hxg4 43. fxg4 Ke6 44. h5 Kf7 45. h6 a6 46. Kd5 f5 47. gxf5 g5 48. Ke5 1-0

[Event "Montreal Saturday op 09"]
[Site "Montreal CAN"]
[Date "2009.09.09"]
[Round "2"]
[White "Pozdnyakov, Alexander"]
[Black "Lamouche, Andre"]
[Result "1-0"]
[WhiteElo "1661"]
[BlackElo "1689"]
[PlyCount "82"]
[GameId "2160767910093060"]
[EventDate "2009.09.02"]
[EventType "tourn"]
[EventRounds "5"]
[EventCountry "CAN"]
[SourceTitle "EXT 2011"]
[Source "ChessBase"]
[SourceDate "2011.11.26"]
[SourceVersion "1"]
[SourceVersionDate "2011.11.26"]
[SourceQuality "1"]

1. f4 Nf6 2. Nf3 d5 3. e3 e6 4. Be2 Bd6 5. O-O O-O 6. b3 c5 7. Bb2 Nc6 8. Qe1 Re8 9. Ne5 Nd7 10. Nxc6 bxc6 11. Qf2 Qe7 12. d4 cxd4 13. exd4 c5 14. c4 f6 15. cxd5 exd5 16. Bh5 g6 17. Bf3 Bb7 18. Nc3 Qe3 19. Bxd5+ Bxd5 20. Nxd5 Qxf2+ 21. Rxf2 Re4 22. Rd1 Rae8 23. Kf1 cxd4 24. Bxd4 Rxd4 25. Rxd4 Bc5 26. Ra4 Bxf2 27. Kxf2 Nb6 28. Nxf6+ Kf7 29. Nxe8 Nxa4 30. bxa4 Kxe8 31. Ke3 Ke7 32. g4 Kd6 33. Kd4 h5 34. gxh5 gxh5 35. a5 h4 36. f5 h3 37. a6 Ke7 38. Ke5 Kf7 39. f6 Kf8 40. Ke6 Ke8 41. f7+ Kf8 1-0

[Event "Montreal Saturday op 09"]
[Site "Montreal CAN"]
[Date "2009.09.16"]
[Round "3"]
[White "Cvetkovic, Simeon"]
[Black "Brichko, Michael"]
[Result "1-0"]
[WhiteElo "1763"]
[BlackElo "1757"]
[PlyCount "85"]
[GameId "2160767910093062"]
[EventDate "2009.09.02"]
[EventType "tourn"]
[EventRounds "5"]
[EventCountry "CAN"]
[SourceTitle "EXT 2011"]
[Source "ChessBase"]
[SourceDate "2011.11.26"]
[SourceVersion "1"]
[SourceVersionDate "2011.11.26"]
[SourceQuality "1"]

1. e4 e6 2. d3 d5 3. Nd2 c5 4. g3 Nc6 5. Bg2 Nf6 6. Ne2 Bd6 7. O-O O-O 8. f4 dxe4 9. Nxe4 Be7 10. N2c3 Qd7 11. Be3 b6 12. h3 Bb7 13. g4 Rfd8 14. Qe1 Nd4 15. Qf2 Rac8 16. Nxf6+ Bxf6 17. Ne4 Be7 18. c3 Nc6 19. Rfd1 f5 20. Ng3 Bh4 21. Kh2 fxg4 22. hxg4 Rf8 23. Qe2 Qc7 24. Kh3 g5 25. Nh5 Rce8 26. Be4 h6 27. Rf1 Qe7 28. Qd2 Na5 29. Qg2 Ba6 30. Qc2 Bb7 31. Bxb7 Nxb7 32. d4 Qh7 33. Qxh7+ Kxh7 34. fxg5 hxg5 35. Nf6+ Kg6 36. Nxe8 Rxe8 37. Rf3 cxd4 38. cxd4 Nd6 39. Bg1 Ne4 40. Re3 Nf6 41. Re5 Rd8 42. Rxe6 Rxd4 43. Bxd4 1-0

[Event "Montreal Saturday op 09"]
[Site "Montreal CAN"]
[Date "2009.09.16"]
[Round "3"]
[White "Deshetres, Michel"]
[Black "Brousseau, Stephane"]
[Result "0-1"]
[WhiteElo "1707"]
[BlackElo "1657"]
[PlyCount "122"]
[GameId "2160767910093063"]
[EventDate "2009.09.02"]
[EventType "tourn"]
[EventRounds "5"]
[EventCountry "CAN"]
[SourceTitle "EXT 2011"]
[Source "ChessBase"]
[SourceDate "2011.11.26"]
[SourceVersion "1"]
[SourceVersionDate "2011.11.26"]
[SourceQuality "1"]

1. c4 c5 2. Nc3 Nc6 3. Nf3 Nf6 4. g3 e6 5. e4 d6 6. d4 cxd4 7. Nxd4 a6 8. Bg2 Qb6 9. Nb3 Bd7 10. Be3 Qc7 11. Na4 Ne5 12. Nb6 Rd8 13. Nxd7 Nexd7 14. O-O Qxc4 15. Rc1 Qb4 16. Qe2 Nc5 17. Rc4 Qb5 18. Nd4 Qd7 19. Qc2 d5 20. exd5 Nxd5 21. b4 Na4 22. Bxd5 Qxd5 23. Rc1 Be7 24. Rc8 Rxc8 25. Qxc8+ Bd8 26. Nb3 O-O 27. Qc2 Bf6 28. Rd1 Qb5 29. a3 Nb2 30. Nd4 Qa4 31. Qxa4 Nxa4 32. Rc1 Be5 33. f4 Bd6 34. Nf3 Rd8 35. Kf2 Kf8 36. Nd4 Nb2 37. Rc2 Nd1+ 38. Ke2 Nxe3 39. Kxe3 e5 40. fxe5 Bxe5 41. Nf3 Bd6 42. Ng5 h6 43. Ne4 Re8 44. Kd3 Be5 45. Nc5 Re7 46. Rc4 f6 47. a4 Kf7 48. b5 axb5 49. axb5 Kg6 50. Ra4 b6 51. Ne4 Rd7+ 52. Ke3 Rd5 53. Rb4 f5 54. Nf2 Kf6 55. Nd3 Bd6 56. Rb1 g5 57. Rb3 Kg6 58. Rb1 Kh5 59. Rb3 Kg4 60. Rb1 Kh3 61. Rb2 Bc5+ 0-1

[Event "Montreal Saturday op 09"]
[Site "Montreal CAN"]
[Date "2009.09.16"]
[Round "3"]
[White "Dumont, Felix"]
[Black "Khudaverdian, Berj"]
[Result "1/2-1/2"]
[WhiteElo "1806"]
[BlackElo "1841"]
[PlyCount "208"]
[GameId "2160767910093064"]
[EventDate "2009.09.02"]
[EventType "tourn"]
[EventRounds "5"]
[EventCountry "CAN"]
[SourceTitle "EXT 2011"]
[Source "ChessBase"]
[SourceDate "2011.11.26"]
[SourceVersion "1"]
[SourceVersionDate "2011.11.26"]
[SourceQuality "1"]

1. e4 d6 2. d4 Nf6 3. Nc3 g6 4. f4 Bg7 5. Nf3 Nbd7 6. e5 dxe5 7. dxe5 Ng4 8. e6 fxe6 9. Ng5 Ndf6 10. Qxd8+ Kxd8 11. Nf7+ Ke8 12. Nxh8 Bxh8 13. h3 Nh6 14. Bc4 c6 15. g4 Nf7 16. Bd2 Nd6 17. Bd3 Nd5 18. O-O-O Nb4 19. Ne4 Nxd3+ 20. cxd3 Bd4 21. Rde1 Nf7 22. Bc3 Bb6 23. d4 a5 24. Nc5 Nd8 25. g5 Bc7 26. Bd2 b6 27. Nd3 Nf7 28. h4 Ba6 29. Ne5 Nxe5 30. fxe5 Bd3 31. Be3 Rd8 32. b3 b5 33. Rd1 Be4 34. Rhe1 Bd5 35. Kb2 Ra8 36. Rc1 Bb6 37. Red1 Kd7 38. Rf1 Ke8 39. Rf4 a4 40. Rcf1 Kd7 41. Rf7 a3+ 42. Kc3 Ba5+ 43. Kd3 Bc7 44. Rxh7 c5 45. dxc5 Bxe5 46. Bd4 Bg3 47. Rff7 Re8 48. Rfg7 e5 49. Bc3 Be6 50. c6+ Kxc6 51. Rxe7 Rd8+ 52. Ke3 Bf4+ 53. Kf2 Kd5 54. Rb7 e4 55. Rxb5+ Kc6 56. Ra5 Bg4 57. Re7 Rd3 58. Rxe4 Bg3+ 59. Kg1 Bf3 60. Re6+ Kd7 61. Re1 Rxc3 62. Rf1 Bc6 63. Ra7+ Ke6 64. Rf6+ Ke5 65. Re7+ Kd4 66. Rf1 Bxh4 67. Rf4+ Kc5 68. Rxh4 Rg3+ 69. Kf2 Rg2+ 70. Ke3 Rxa2 71. Re6 Bd5 72. b4+ Kb5 73. Re5 Kc6 74. Rh6 Kd6 75. Re8 Kd7 76. Rf8 Rb2 77. Rxg6 a2 78. Ra6 Rb1 79. Kd4 Bb3 80. Rfa8 Rd1+ 81. Ke5 Rd5+ 82. Kf6 Rd2 83. R8a7+ Kc8 84. g6 Kb8 85. Re7 Rd6+ 86. Rxd6 a1=Q+ 87. Re5 Kc7 88. Rd2 Qc3 89. Rde2 Kd6 90. g7 Bg8 91. Kg6 Qg3+ 92. Kf6 Qf4+ 93. Rf5 Qh4+ 94. Kg6 Qg4+ 95. Kh6 Qxf5 96. Rd2+ Kc6 97. b5+ Kxb5 98. Rb2+ Bb3 99. Rxb3+ Ka4 100. g8=Q Qf6+ 101. Kh5 Qf5+ 102. Kh4 Qf4+ 103. Kh3 Qf1+ 104. Kh4 Qf4+ 1/2-1/2

[Event "Montreal Saturday op 09"]
[Site "Montreal CAN"]
[Date "2009.09.16"]
[Round "3"]
[White "Gates, Claude-Eric"]
[Black "Pozdnyakov, Alexander"]
[Result "1-0"]
[WhiteElo "1686"]
[BlackElo "1661"]
[PlyCount "64"]
[GameId "2160767910093065"]
[EventDate "2009.09.02"]
[EventType "tourn"]
[EventRounds "5"]
[EventCountry "CAN"]
[SourceTitle "EXT 2011"]
[Source "ChessBase"]
[SourceDate "2011.11.26"]
[SourceVersion "1"]
[SourceVersionDate "2011.11.26"]
[SourceQuality "1"]

1. c4 f5 2. g3 e6 3. Bg2 Nf6 4. Nf3 Be7 5. O-O O-O 6. Nc3 d6 7. d3 e5 8. e4 fxe4 9. dxe4 a5 10. Qb3 Kh8 11. h3 Na6 12. Be3 b6 13. Rfd1 Nd7 14. a3 Ndc5 15. Qc2 Qe8 16. Nd5 Bxh3 17. Bxh3 Rxf3 18. b4 axb4 19. axb4 Nxb4 20. Nxb4 Rb8 21. Nd5 Qh5 22. Bf1 Nb3 23. Nxe7 Nxa1 24. Rxa1 Qg4 25. Nd5 h5 26. Bg2 Rbf8 27. Bxf3 Rxf3 28. Qd1 h4 29. Kg2 Rxg3+ 30. fxg3 Qxg3+ 31. Kf1 Qh3+ 32. Ke2 Qg2+ 1-0

[Event "Montreal Saturday op 09"]
[Site "Montreal CAN"]
[Date "2009.09.16"]
[Round "3"]
[White "Lamouche, Andre"]
[Black "Gauthier, Luc"]
[Result "0-1"]
[WhiteElo "1689"]
[BlackElo "1710"]
[PlyCount "78"]
[GameId "2160767910093067"]
[EventDate "2009.09.02"]
[EventType "tourn"]
[EventRounds "5"]
[EventCountry "CAN"]
[SourceTitle "EXT 2011"]
[Source "ChessBase"]
[SourceDate "2011.11.26"]
[SourceVersion "1"]
[SourceVersionDate "2011.11.26"]
[SourceQuality "1"]

1. e4 Nf6 2. e5 Nd5 3. Nf3 d6 4. d4 dxe5 5. Nxe5 c6 6. c4 Nb4 7. a3 Qxd4 8. axb4 Qxe5+ 9. Be2 e6 10. Qb3 Nd7 11. Bd2 Nf6 12. Nc3 Be7 13. O-O O-O 14. Rfe1 Qd6 15. Be3 Qxb4 16. Qc2 Bc5 17. Ra4 Qb6 18. Bxc5 Qxc5 19. b4 Qe7 20. Bf3 Bd7 21. b5 Qc5 22. bxc6 Bxc6 23. Bxc6 Qxc6 24. Nb5 a6 25. Nd4 Qc5 26. Nf3 b5 27. Re5 Qc7 28. Rb4 Rfc8 29. c5 Nd5 30. Rh4 g6 31. Qd2 Qxc5 32. Re1 Nf6 33. g4 Qc3 34. Qf4 Rc4 35. Qg3 g5 36. Re3 gxh4 37. Rxc3 hxg3 38. Rxc4 gxh2+ 39. Kxh2 bxc4 0-1

[Event "Montreal Saturday op 09"]
[Site "Montreal CAN"]
[Date "2009.09.16"]
[Round "3"]
[White "Plante, Michel"]
[Black "Sarrazin-Gendron, Roman"]
[Result "1-0"]
[WhiteElo "2049"]
[BlackElo "1851"]
[PlyCount "81"]
[GameId "2160767910093068"]
[EventDate "2009.09.02"]
[EventType "tourn"]
[EventRounds "5"]
[EventCountry "CAN"]
[SourceTitle "EXT 2011"]
[Source "ChessBase"]
[SourceDate "2011.11.26"]
[SourceVersion "1"]
[SourceVersionDate "2011.11.26"]
[SourceQuality "1"]

1. d4 Nf6 2. Nf3 g6 3. Bg5 Bg7 4. Nbd2 b6 5. e4 O-O 6. Bd3 Bb7 7. Qe2 c5 8. c3 Qc7 9. Rc1 cxd4 10. Nxd4 a6 11. O-O e5 12. Nc2 d5 13. Bxf6 Bxf6 14. Qf3 Bg5 15. Ne3 dxe4 16. Bxe4 Nc6 17. Bd5 Rad8 18. Ne4 Bh6 19. Rcd1 Bg7 20. Ng4 Kh8 21. Nef6 Rd6 22. Ne4 Rxd5 23. Rxd5 f5 24. Ng5 Ne7 25. Qh3 h5 26. Ne6 Qc6 27. Nxf8 fxg4 28. Nxg6+ Qxg6 29. Rd8+ Kh7 30. Qd3 Be4 31. Qd6 Qg5 32. Rd7 Nf5 33. Qxe5 Bxg2 34. Rxg7+ Qxg7 35. Qxf5+ Kh8 36. Kxg2 h4 37. Re1 Qb7+ 38. Kg1 g3 39. Re8+ Kg7 40. Qf8+ Kg6 41. Re6+ 1-0

[Event "Montreal Saturday op 09"]
[Site "Montreal CAN"]
[Date "2009.09.24"]
[Round "3"]
[White "Morin, Louis"]
[Black "Levkovsky, Alexandre"]
[Result "0-1"]
[WhiteElo "1886"]
[BlackElo "2177"]
[PlyCount "74"]
[GameId "2160767910093070"]
[EventDate "2009.09.02"]
[EventType "tourn"]
[EventRounds "5"]
[EventCountry "CAN"]

1. e4 e6 2. d4 d5 3. e5 c5 4. Qg4 h5 5. Qg3 Nh6 6. Nf3 Nf5 7. Qh3 Nc6 8. dxc5 Bxc5 9. Bd3 Nfd4 10. Nbd2 Qc7 11. Qg3 Bd7 12. c3 Nxf3+ 13. Nxf3 O-O-O 14. O-O f6 15. b4 Nxe5 16. bxc5 Nxd3 17. Qxg7 Nxc1 18. Rfxc1 Qf4 19. Qg3 Qxg3 20. hxg3 e5 21. Rab1 Bf5 22. Rb4 Kc7 23. Rd1 Kc6 24. Nh4 Bh7 25. Rd2 Rd7 26. Rdb2 Bd3 27. Rd2 Ba6 28. f4 Kxc5 29. fxe5 fxe5 30. Ng6 Re8 31. Re4 dxe4 32. Rxd7 e3 33. Rd1 Kc4 34. Nh4 Kxc3 35. Nf3 e4 36. Ng5 Bd3 37. Re1 Kd2 0-1

[Event "Montreal Saturday op 09"]
[Site "Montreal CAN"]
[Date "2009.09.23"]
[Round "4"]
[White "Amesse, Louis-Philippe"]
[Black "Germain, Max"]
[Result "1-0"]
[WhiteElo "1619"]
[BlackElo "1616"]
[PlyCount "102"]
[GameId "2160767910093071"]
[EventDate "2009.09.02"]
[EventType "tourn"]
[EventRounds "5"]
[EventCountry "CAN"]
[SourceTitle "EXT 2011"]
[Source "ChessBase"]
[SourceDate "2011.11.26"]
[SourceVersion "1"]
[SourceVersionDate "2011.11.26"]
[SourceQuality "1"]

1. e4 c5 2. f4 e6 3. Nf3 Nc6 4. Nc3 a6 5. Be2 g6 6. d3 Bg7 7. Be3 Qa5 8. Qd2 Nge7 9. O-O Nd4 10. Ne5 f5 11. Nc4 Qc7 12. e5 Nxe2+ 13. Nxe2 O-O 14. Nd6 b5 15. Qc3 c4 16. dxc4 bxc4 17. Qxc4 Qxc4 18. Nxc4 Rb8 19. Bc5 Nd5 20. Bxf8 Bxf8 21. b3 Bc5+ 22. Kh1 Bb7 23. Nd6 Bc6 24. Rf3 Ne3 25. Rg3 Ba7 26. c3 Ng4 27. Nd4 Nf2+ 28. Kg1 Ne4 29. Nxe4 Bxe4 30. Re1 Rc8 31. Kf1 Kf7 32. Rd1 Rc7 33. Rh3 Kg7 34. Nf3 Bc2 35. Rd6 Bc5 36. Nd4 Be4 37. Rxa6 Bxd4 38. cxd4 Rc1+ 39. Ke2 Rc2+ 40. Kd1 Rxg2 41. Ra7 Bc6 42. Rc3 Kh6 43. a4 Rxh2 44. a5 Rf2 45. Rh3+ Kg7 46. Rh4 Rf3 47. Kc2 h6 48. a6 g5 49. Rh2 Be4+ 50. Kb2 Bc6 51. Rc2 Kg6 1-0

[Event "Montreal Saturday op 09"]
[Site "Montreal CAN"]
[Date "2009.09.23"]
[Round "4"]
[White "Brousseau, Stephane"]
[Black "Pozdnyakov, Alexander"]
[Result "1-0"]
[WhiteElo "1657"]
[BlackElo "1661"]
[PlyCount "83"]
[GameId "2160767910093072"]
[EventDate "2009.09.02"]
[EventType "tourn"]
[EventRounds "5"]
[EventCountry "CAN"]
[SourceTitle "EXT 2011"]
[Source "ChessBase"]
[SourceDate "2011.11.26"]
[SourceVersion "1"]
[SourceVersionDate "2011.11.26"]
[SourceQuality "1"]

1. c4 f5 2. Nc3 e5 3. e3 Be7 4. d3 Nf6 5. Nf3 d6 6. Qc2 Nc6 7. a3 a5 8. b3 O-O 9. Bb2 Kh8 10. Be2 Qe8 11. Nb5 Bd8 12. O-O-O Na7 13. Nc3 Bd7 14. d4 e4 15. Nd2 b5 16. cxb5 Nxb5 17. Nxb5 Bxb5 18. Bxb5 Qxb5 19. Qc4 Qd7 20. d5 Ng4 21. Qe2 Bf6 22. Bxf6 Nxf6 23. Nc4 Qb5 24. Kc2 Nxd5 25. Qd2 Nb6 26. Nxb6 Qxb6 27. Qd5 Rab8 28. Rb1 Qa6 29. Rhd1 Rb5 30. Qe6 Qc6+ 31. Kd2 Re5 32. Qc4 Rc5 33. Qa4 Rc2+ 34. Ke1 Qc3+ 35. Kf1 Ra2 36. Kg1 Qc2 37. Rf1 f4 38. Rbc1 Qb2 39. Qxe4 Qxb3 40. exf4 Rxa3 41. Rxc7 Qc3 42. Rxc3 1-0

[Event "Montreal Saturday op 09"]
[Site "Montreal CAN"]
[Date "2009.09.23"]
[Round "4"]
[White "Deshetres, Michel"]
[Black "Lamouche, Andre"]
[Result "1-0"]
[WhiteElo "1707"]
[BlackElo "1689"]
[PlyCount "87"]
[GameId "2160767910093073"]
[EventDate "2009.09.02"]
[EventType "tourn"]
[EventRounds "5"]
[EventCountry "CAN"]
[SourceTitle "EXT 2011"]
[Source "ChessBase"]
[SourceDate "2011.11.26"]
[SourceVersion "1"]
[SourceVersionDate "2011.11.26"]
[SourceQuality "1"]

1. c4 Nf6 2. Nc3 e6 3. e4 d6 4. d4 Be7 5. Nf3 O-O 6. Bd3 c5 7. e5 dxe5 8. dxe5 Ne8 9. Qc2 g6 10. h4 Nc6 11. a3 Nd4 12. Nxd4 cxd4 13. Ne4 Qa5+ 14. Bd2 Qxe5 15. O-O-O f5 16. Ng5 Bxg5 17. hxg5 Qc7 18. f4 Bd7 19. Rde1 Rc8 20. g3 b5 21. b3 bxc4 22. bxc4 Rf7 23. Re5 Nd6 24. Bb4 Nxc4 25. Rc5 Qb7 26. Rxc8+ Bxc8 27. Re1 Ne3 28. Qb2 Rc7+ 29. Kb1 Qd5 30. Ka1 a5 31. Bd2 Nc4 32. Bxc4 Rxc4 33. Rc1 Rxc1+ 34. Qxc1 Bd7 35. Qc7 Bc6 36. Qb8+ Kf7 37. Qc7+ Ke8 38. Qc8+ Ke7 39. Qc7+ Bd7 40. Qe5 Qh1+ 41. Kb2 Qg2 42. Kb3 Qxg3+ 43. Kc4 Kd8 44. Qb8+ 1-0

[Event "Montreal Saturday op 09"]
[Site "Montreal CAN"]
[Date "2009.09.23"]
[Round "4"]
[White "Gauthier, Luc"]
[Black "Gates, Claude-Eric"]
[Result "1/2-1/2"]
[WhiteElo "1710"]
[BlackElo "1686"]
[PlyCount "54"]
[GameId "2160767910093074"]
[EventDate "2009.09.02"]
[EventType "tourn"]
[EventRounds "5"]
[EventCountry "CAN"]
[SourceTitle "EXT 2011"]
[Source "ChessBase"]
[SourceDate "2011.11.26"]
[SourceVersion "1"]
[SourceVersionDate "2011.11.26"]
[SourceQuality "1"]

1. e4 e6 2. d4 d5 3. e5 c5 4. c3 Nc6 5. Nf3 Nh6 6. Bd3 f6 7. O-O Nf7 8. Qe2 Qc7 9. exf6 gxf6 10. c4 Nxd4 11. Nxd4 cxd4 12. cxd5 e5 13. f4 Bh6 14. fxe5 Bxc1 15. e6 Be3+ 16. Kh1 Ng5 17. Rxf6 Qe7 18. Qh5+ Kd8 19. Rf1 Nxe6 20. dxe6 Bxe6 21. Na3 Rc8 22. Qa5+ b6 23. Qe5 Rg8 24. Ba6 Rg5 25. Qh8+ Rg8 26. Qe5 Rg5 27. Qh8+ Rg8 1/2-1/2

[Event "Montreal Saturday op 09"]
[Site "Montreal CAN"]
[Date "2009.09.23"]
[Round "4"]
[White "Khudaverdian, Berj"]
[Black "Cvetkovic, Simeon"]
[Result "0-1"]
[WhiteElo "1841"]
[BlackElo "1763"]
[PlyCount "56"]
[GameId "2160767910093075"]
[EventDate "2009.09.02"]
[EventType "tourn"]
[EventRounds "5"]
[EventCountry "CAN"]
[SourceTitle "EXT 2011"]
[Source "ChessBase"]
[SourceDate "2011.11.26"]
[SourceVersion "1"]
[SourceVersionDate "2011.11.26"]
[SourceQuality "1"]

1. d4 Nf6 2. Nf3 c5 3. e3 d5 4. Be2 Bf5 5. Nc3 e6 6. O-O Nc6 7. Nh4 Bg6 8. Nxg6 hxg6 9. f4 Bd6 10. Nb5 Be7 11. c4 Qb6 12. Qa4 O-O 13. a3 a6 14. Nc3 cxd4 15. Nd1 dxe3 16. b4 Nd4 17. Re1 Nxe2+ 18. Rxe2 d4 19. c5 Qc7 20. g3 e5 21. fxe5 Qxe5 22. Bb2 Qd5 23. Rc1 Ng4 24. c6 b5 25. Qc2 d3 26. Nxe3 Nxe3 27. Qd2 dxe2 28. Qxd5 Nxd5 0-1

[Event "Montreal Saturday op 09"]
[Site "Montreal CAN"]
[Date "2009.09.23"]
[Round "4"]
[White "Millette, Sylvain"]
[Black "Ber, Alexandre"]
[Result "0-1"]
[WhiteElo "1579"]
[BlackElo "1589"]
[PlyCount "76"]
[GameId "2160767910093077"]
[EventDate "2009.09.02"]
[EventType "tourn"]
[EventRounds "5"]
[EventCountry "CAN"]
[SourceTitle "EXT 2011"]
[Source "ChessBase"]
[SourceDate "2011.11.26"]
[SourceVersion "1"]
[SourceVersionDate "2011.11.26"]
[SourceQuality "1"]

1. Nf3 e6 2. g3 f5 3. d4 Nf6 4. Bg2 Be7 5. c4 O-O 6. Nc3 d5 7. cxd5 exd5 8. O-O c6 9. Ne5 Na6 10. a3 Nc7 11. Bg5 Ne6 12. Bxf6 gxf6 13. Nf3 f4 14. b4 Bd6 15. e4 dxe4 16. Nxe4 Nc7 17. Nxd6 Qxd6 18. Qd3 Be6 19. Rac1 Qd7 20. Nh4 Rad8 21. Nf3 Nb5 22. Rcd1 Nd6 23. Nh4 Bc4 24. Qf3 Bxf1 25. Bxf1 Kh8 26. Qxf4 Rf7 27. d5 cxd5 28. Rxd5 Qe6 29. Bc4 Rfd7 30. Bb3 Qe1+ 31. Kg2 Qe4+ 32. Qxe4 Nxe4 33. Rh5 Kg7 34. Be6 Rd2 35. Nf5+ Kh8 36. Ne3 Rxf2+ 37. Kh3 Ng5+ 38. Rxg5 fxg5 0-1

[Event "Montreal Saturday op 09"]
[Site "Montreal CAN"]
[Date "2009.09.23"]
[Round "4"]
[White "Plante, Michel"]
[Black "Morin, Louis"]
[Result "1-0"]
[WhiteElo "2049"]
[BlackElo "1886"]
[PlyCount "94"]
[GameId "2160767910093078"]
[EventDate "2009.09.02"]
[EventType "tourn"]
[EventRounds "5"]
[EventCountry "CAN"]
[SourceTitle "EXT 2011"]
[Source "ChessBase"]
[SourceDate "2011.11.26"]
[SourceVersion "1"]
[SourceVersionDate "2011.11.26"]
[SourceQuality "1"]

1. d4 e5 2. dxe5 Nc6 3. Nf3 Qe7 4. Bf4 Qb4+ 5. Nc3 Qxb2 6. Bd2 Bb4 7. Rb1 Qa3 8. Nd5 Ba5 9. Rb3 Qxa2 10. e4 a6 11. Bd3 Nge7 12. Qc1 Bxd2+ 13. Nxd2 Nxd5 14. Ra3 Qxa3 15. Qxa3 Ndb4 16. O-O Nxd3 17. cxd3 b6 18. Nf3 Bb7 19. d4 a5 20. Rc1 Rc8 21. d5 Nb4 22. Nd4 O-O 23. Nf5 Rfe8 24. Qg3 g6 25. Qg5 Nd3 26. Rd1 Nxe5 27. Ne7+ Kg7 28. Qxe5+ f6 29. Nf5+ gxf5 30. Qxf5 Re7 31. Rd3 Rf8 32. Rg3+ Kh8 33. f4 d6 34. e5 dxe5 35. fxe5 Rxe5 36. Qd7 Rg5 37. Qxc7 Bxd5 38. Rxg5 fxg5 39. Qe5+ Kg8 40. Qxg5+ Kf7 41. Qxd5+ Kg6 42. Qe4+ Kg7 43. g4 Rf7 44. Qd4+ Kg6 45. h4 h5 46. Qxb6+ Kh7 47. Qb1+ Kh6 1-0